Sporcle Live Highlights - 12/27/13 - 1/2/14 Quiz Stats

 Plays Quiz not verified by Sporcle

Challenge
Share
Tweet
Embed
Score 0/20 Timer 07:00
0 Plays Today
Question Answer % Correct
Which future U.S. president served as Director of Central Intelligence, the head of the CIA, from 1976-77?George H.W. Bush
74.4%
What fast food chain introduced a new French fry with 40% less fat and 30% fewer calories that they branded as “Satisfries”, in 2013?Burger King
72%
What is the name of the muscle group that is found on the front of the human thigh?Quadriceps
64.6%
Who holds the distinction of being both the oldest-ever spouse of a reigning British monarch and the oldest-ever male member of the British royal family?Prince Philip
51.2%
Who edged out Edward Snowden and Edith Windsor to be named Time magazine’s “Person of the Year” in 2013?Pope Francis
51.2%
On July 1, 2013, what European country became the second former Yugoslav republic to join the European Union?Croatia
51.2%
In anatomy, what is the technical name for the bone also known as the shoulder blade?Scapula
51.2%
What east coast U.S. state is home to the headquarters of Bed Bath & Beyond?New Jersey
50%
What cop comedy, released in July 2013, and starring Jeff Bridges and Ryan Reynolds was a flop at the box office and received mostly negative reviews?R.I.P.D.
47.6%
In the 2011 film Bridesmaids, what actress starred as the bride?Maya Rudolph
45.1%
Question Answer % Correct
“Stefon’s Goodbye” was rated by the Huffington Post as the 2nd best SNL skit of 2013. Who plays the character Stefon?Bill Hader
45.1%
What Arizona city is home to Northern Arizona University?Flagstaff, AZ
40.2%
First brewed in 1874 and still popular today, what beer brand has called itself the “banquet beer”?Coors
40.2%
Who has been the opening day starting shortstop for the Philadelphia Phillies every season since 2001?Jimmy Rollins
36.6%
What reality TV competition that aired on ABC featured stars such as Kareem Abdul-Jabbar and Louie Anderson performing dives?Splash
34.1%
In 1976, what American rock band launched the 92-show “Worldwide Texas Tour” in support of their 1975 album Fandango!?ZZ Top
30.5%
What American retail chain released a humorous commercial in 2013 touting its free delivery program with the catchphrase “Ship my pants”?KMart
26.8%
In the late 90s, what now 33-year old Canadian actor starred in the title role of the short lived TV series Young Hercules?Ryan Gosling
23.2%
In 1962, who was the first recipient of the Grammy Lifetime Achievement Award? This singer had a 50-yr music and film career that began in the 1920s.Bing Crosby
20.7%
In October of 2013, a 50-year old man named Steve Horgan gained fame when he was captured in an iconic photograph by Stan Grossfeld. Who is Steve Horgan?Boston Bullpen Cop
9.8%

You're not logged in!

Compare scores with friends on all Sporcle quizzes.
OR
Log In

You Might Also Like...

Show Comments

Extras

Top Quizzes Today


Score Distribution

Your Account Isn't Verified!

In order to create a playlist on Sporcle, you need to verify the email address you used during registration. Go to your Sporcle Settings to finish the process.

Report this User

Report this user for behavior that violates our Community Guidelines.

Details: